|
|
|
|
| LEADER |
00000cam a2200000Mu 4500 |
| 001 |
EBOOKCENTRAL_on1237400763 |
| 003 |
OCoLC |
| 005 |
20240329122006.0 |
| 006 |
m o d |
| 007 |
cr ||||||||||| |
| 008 |
210213s2002 sp o ||| 0 spa d |
| 040 |
|
|
|a EBLCP
|b eng
|c EBLCP
|d DGITA
|d OCLCF
|d REDDC
|d OCLCQ
|d OCLCO
|d OCLCL
|
| 020 |
|
|
|a 9783964561459
|
| 020 |
|
|
|a 3964561452
|
| 029 |
1 |
|
|a AU@
|b 000069440125
|
| 035 |
|
|
|a (OCoLC)1237400763
|
| 050 |
1 |
4 |
|a HN110.5.A8 ebook
|
| 082 |
0 |
4 |
|a 306.098
|2 23
|
| 049 |
|
|
|a UAMI
|
| 100 |
1 |
|
|a Escobar Ohmstede, Antonio.
|
| 245 |
1 |
0 |
|a Los Ejes de la Disputa
|h [electronic resource] :
|b Movimientos Sociales y Actores Colectivos en América Latina, Siglo XIX.
|
| 260 |
|
|
|a Madrid :
|b Iberoamericana Editorial Vervuert,
|c 2002.
|
| 300 |
|
|
|a 1 online resource (272 p.).
|
| 490 |
1 |
|
|a Cuadernos de Historia Latinoamericana Ser. ;
|v v.10
|
| 500 |
|
|
|a Description based upon print version of record.
|
| 590 |
|
|
|a ProQuest Ebook Central
|b Ebook Central Academic Complete
|
| 650 |
|
0 |
|a Social movements
|z Latin America
|x History
|y 19th century.
|
| 651 |
|
0 |
|a Latin America
|x Social life and customs
|y 19th century.
|
| 651 |
|
0 |
|a Latin America
|x Social conditions
|y 19th century.
|
| 650 |
|
6 |
|a Mouvements sociaux
|z Amérique latine
|x Histoire
|y 19e siècle.
|
| 651 |
|
6 |
|a Amérique latine
|x Mœurs et coutumes
|y 19e siècle.
|
| 651 |
|
6 |
|a Amérique latine
|x Conditions sociales
|y 19e siècle.
|
| 650 |
|
7 |
|a Manners and customs
|2 fast
|
| 650 |
|
7 |
|a Social conditions
|2 fast
|
| 650 |
|
7 |
|a Social movements
|2 fast
|
| 651 |
|
7 |
|a Latin America
|2 fast
|
| 648 |
|
7 |
|a 1800-1899
|2 fast
|
| 655 |
|
7 |
|a History
|2 fast
|
| 700 |
1 |
|
|a Falcón, Romana.
|
| 758 |
|
|
|i has work:
|a Los ejes de la disputa (Text)
|1 https://id.oclc.org/worldcat/entity/E39PCGDfKrxBwqdF6GJC7Pbwyb
|4 https://id.oclc.org/worldcat/ontology/hasWork
|
| 776 |
0 |
8 |
|i Print version:
|a Escobar Ohmstede, Antonio
|t Los Ejes de la Disputa
|d Madrid : Iberoamericana Editorial Vervuert,c2002
|z 9788484890638
|
| 830 |
|
0 |
|a Cuadernos de Historia Latinoamericana Ser.
|
| 856 |
4 |
0 |
|u https://ebookcentral.uam.elogim.com/lib/uam-ebooks/detail.action?docID=6474304
|z Texto completo
|
| 938 |
|
|
|a Digitalia Publishing
|b DGIT
|n DIGIBE0980
|
| 938 |
|
|
|a ProQuest Ebook Central
|b EBLB
|n EBL6474304
|
| 994 |
|
|
|a 92
|b IZTAP
|